[Event "Slovakian-ch Youth 2022"]
[Site "Lubovna"]
[Date "2022.05.27"]
[Round "8.7"]
[White "Gay, Lukas"]
[Black "Visvader, Kristof"]
[Result "1/2-1/2"]
[WhiteElo "1480"]
[BlackElo "1607"]
[Annotator "NA RC COMBH"]
[PlyCount "91"]
[EventDate "2022.05.22"]
[EventCountry "SVK"]
[SourceTitle "playchess.com"]
[Source "ChessBase"]
[SourceQuality "1"]

1. e4 e5 2. Nf3 Nc6 3. Bc4 Be7 4. O-O Nf6 5. d3 O-O 6. Re1 d6 7. a4 Bg4 8. c3 d5 9. exd5 Nxd5 10. Nbd2 Nb6 11. Qc2 Nxc4 12. Nxc4 Bxf3 13. gxf3 Bg5 14. Bxg5 Qxg5+ 15. Kh1 Qf5 16. Re3 Rfe8 17. Rg1 Rad8 18. Qe2 Kf8 19. Re1 f6 20. d4 Qh5 21. dxe5 Nxe5 22. Nxe5 Rxe5 23. Rxe5 Qxe5 24. Qxe5 fxe5 25. Rxe5 Rd2 26. Rb5 b6 27. Kg2 a6 28. Rb4 Rd5 29. Rc4 c5 30. Rf4+ Ke7 31. Re4+ Kf6 32. Re2 b5 33. axb5 axb5 34. b3 Rd3 35. Re3 Rd2 36. c4 bxc4 37. bxc4 Rc2 38. Re4 Kf5 39. Kg3 g5 40. h4 h6 41. hxg5 hxg5 42. Rg4 Rc1 43. Kg2 Rc3 44. Re4 Rc2 45. Kf1 Rc3 46. Ke2 1/2-1/2

[Event "Slovakian-ch Youth 2022"]
[Site "Lubovna"]
[Date "2022.05.27"]
[Round "8.8"]
[White "Sokolovsky, Jakub"]
[Black "Kapec, Kristian"]
[Result "0-1"]
[WhiteElo "1613"]
[BlackElo "1902"]
[Annotator "TA"]
[PlyCount "98"]
[EventDate "2022.05.22"]
[EventCountry "SVK"]
[SourceTitle "playchess.com"]
[Source "ChessBase"]
[SourceQuality "1"]

1. e4 c5 2. Nf3 g6 3. d4 cxd4 4. Nxd4 Bg7 5. Nc3 Nc6 6. Be3 Nf6 7. Bc4 O-O 8. f3 Qb6 9. Qd2 Nxe4 10. Nxc6 Nxd2 11. Nxe7+ Kh8 12. Bxb6 Nxc4 13. Bf2 Nxb2 14. Kd2 Nc4+ 15. Kd3 Ne5+ 16. Kd2 Nc6 17. Rae1 b6 18. Nb5 Nxe7 19. Rxe7 Bf6 20. Ree1 Bb7 21. Nd6 Bd5 22. a4 Be6 23. h4 Be7 24. Bd4+ f6 25. Ne4 Kg7 26. Ng5 Rae8 27. h5 Bb4+ 28. c3 Bc5 29. hxg6 Bxd4 30. Nxh7 Be5 31. Nxf8 Rxf8 32. Rh7+ Kxg6 33. Reh1 Rg8 34. R1h6+ Kf5 35. g4+ Kf4 36. Ke2 Bxc3 37. Rh4 Rg5 38. Rh1 Re5+ 39. Kd3 Re3+ 40. Kc2 Rxf3 41. R1h4 Be1 42. R4h6 Ke5 43. Rh5+ Kd6 44. Kd1 Bb4 45. g5 fxg5 46. Rxg5 Rf5 47. Rg6 Kc5 48. Rhh6 Bb3+ 49. Kc1 Bxa4 0-1

[Event "Slovakian-ch Youth 2022"]
[Site "Lubovna"]
[Date "2022.05.27"]
[Round "8.8"]
[White "Hasala, Richard"]
[Black "Tokarcik, Jan"]
[Result "1-0"]
[WhiteElo "1318"]
[BlackElo "1313"]
[Annotator "NA RC COMBH"]
[PlyCount "120"]
[EventDate "2022.05.22"]
[EventCountry "SVK"]
[SourceTitle "playchess.com"]
[Source "ChessBase"]
[SourceQuality "1"]

1. e4 e5 2. Nf3 Nc6 3. d4 exd4 4. Nxd4 Nf6 5. Nc3 Bc5 6. Be3 Bb4 7. Nxc6 dxc6 8. Qxd8+ Kxd8 9. O-O-O+ Ke8 10. Bc4 Be6 11. Bxe6 fxe6 12. f3 Bxc3 13. bxc3 b6 14. Bf4 Rc8 15. Rd2 Ke7 16. Rhd1 Rhg8 17. c4 h6 18. g4 g5 19. Be5 Rgf8 20. Bxf6+ Kxf6 21. Rd7 Kg6 22. R1d3 e5 23. Kd2 Rf7 24. Rxf7 Kxf7 25. Rd7+ Kg6 26. Ke2 a6 27. a4 c5 28. Kf2 c6 29. Ra7 Rd8 30. Rxa6 Rd2+ 31. Kg3 Rxc2 32. Rxb6 Rxc4 33. Rxc6+ Kg7 34. a5 Rc1 35. a6 Ra1 36. Rxc5 Rxa6 37. Rxe5 Kf6 38. Rb5 Re6 39. h4 Kg6 40. hxg5 hxg5 41. f4 Rxe4 42. Rxg5+ Kf6 43. Kf3 Ra4 44. Re5 Ra3+ 45. Re3 Ra4 46. g5+ Kf5 47. Re5+ Kg6 48. Kg4 Rb4 49. Re6+ Kf7 50. Ra6 Rb1 51. g6+ Kg7 52. Kg5 Rg1+ 53. Kf5 Kh6 54. Ra8 Rxg6 55. Rh8+ Kg7 56. Rg8+ Kxg8 57. Kxg6 Kf8 58. f5 Ke7 59. f6+ Kf8 60. f7 Ke7 1-0

[Event "Slovakian-ch Youth 2022"]
[Site "Lubovna"]
[Date "2022.05.27"]
[Round "8.9"]
[White "Bochnicka, Vladimir"]
[Black "Cedzo, Adam"]
[Result "1-0"]
[WhiteElo "2267"]
[BlackElo "1869"]
[Annotator "TA"]
[PlyCount "124"]
[EventDate "2022.05.22"]
[EventCountry "SVK"]
[SourceTitle "playchess.com"]
[Source "ChessBase"]
[SourceQuality "1"]

1. d4 Nf6 2. c4 g6 3. Nc3 Bg7 4. e4 d6 5. h3 e5 6. d5 a5 7. Be3 Na6 8. g4 Nd7 9. Nge2 Bf6 10. Qd2 Ndc5 11. Ng3 Bh4 12. Be2 Bd7 13. Kf1 h6 14. Kg2 Bg5 15. f4 exf4 16. Bxf4 Bxf4 17. Qxf4 Nb4 18. a3 Nbd3 19. Qf1 Ne5 20. b4 Nb3 21. Rd1 Qg5 22. Qf2 Qh4 23. c5 Qd8 24. Rhf1 axb4 25. axb4 Ra3 26. cxd6 cxd6 27. Bb5 Bxb5 28. Nxb5 Ra4 29. Qe1 Qb6 30. Qc3 O-O 31. Nxd6 Qxd6 32. Qxb3 Rxb4 33. Qe3 Kg7 34. Qc3 Rc4 35. Qb2 Rb4 36. Qa1 Kg8 37. Qc1 Kg7 38. g5 h5 39. Qa1 Re8 40. Rc1 h4 41. Rf6 Qd8 42. Qa3 Rd4 43. Qb2 Ra4 44. Nh1 Rxe4 45. d6 Nd3 46. Qxb7 Re2+ 47. Kf1 Re1+ 48. Rxe1 Rxe1+ 49. Kg2 Ne5 50. Qd5 Qe8 51. Nf2 Nd7 52. Rf4 Re5 53. Qd4 Kg8 54. Ne4 Qa8 55. Qc4 Rxg5+ 56. Kh2 Ne5 57. Qb3 Qd8 58. Nxg5 Qxd6 59. Qe3 Nd3 60. Qe8+ Kg7 61. Qxf7+ Kh6 62. Qh7+ Kxg5 1-0

[Event "Slovakian-ch Youth 2022"]
[Site "Lubovna"]
[Date "2022.05.27"]
[Round "8.9"]
[White "Gourlay, Martin B"]
[Black "Pongo, Aron"]
[Result "0-1"]
[WhiteElo "1911"]
[BlackElo "1566"]
[Annotator "TA"]
[PlyCount "88"]
[EventDate "2022.05.22"]
[EventCountry "SVK"]
[SourceTitle "playchess.com"]
[Source "ChessBase"]
[SourceQuality "1"]

1. e4 e6 2. d4 d5 3. e5 c5 4. c3 Nc6 5. Nf3 Qb6 6. Be2 cxd4 7. cxd4 Nge7 8. Nc3 Nf5 9. Bb5 Bd7 10. Bxc6 bxc6 11. Qb3 Nxd4 12. Qxb6 Nxf3+ 13. gxf3 axb6 14. O-O c5 15. Bg5 Be7 16. f4 h6 17. Bxe7 Kxe7 18. Rfd1 Bc6 19. b3 Rhd8 20. a4 d4 21. Nb1 Bd5 22. Nd2 Ra7 23. f3 Rda8 24. Ra3 b5 25. Rda1 bxa4 26. Nc4 Bxc4 27. bxc4 Rd7 28. Rd3 Rb7 29. Rda3 Rb4 30. Rc1 Rab8 31. Kf2 Rb2+ 32. Ke1 R8b4 33. h4 R2b3 34. Rxb3 Rxb3 35. Ke2 Kf8 36. h5 a3 37. Ra1 Ke7 38. Kf2 Kd7 39. Ke2 Kc6 40. Kf2 Kb7 41. Ke2 Ka6 42. Kd2 Rxf3 43. Rg1 Rxf4 44. Rxg7 a2 0-1

[Event "Slovakian-ch Youth 2022"]
[Site "Lubovna"]
[Date "2022.05.27"]
[Round "8.10"]
[White "Babjak, Samuel"]
[Black "Petrek, Dominik"]
[Result "0-1"]
[WhiteElo "1577"]
[BlackElo "2110"]
[Annotator "TA"]
[PlyCount "51"]
[EventDate "2022.05.22"]
[EventCountry "SVK"]
[SourceTitle "playchess.com"]
[Source "ChessBase"]
[SourceQuality "1"]

1. d4 Nf6 2. Nf3 c5 3. d5 e6 4. c4 b5 5. dxe6 fxe6 6. cxb5 d5 7. Nbd2 Bd6 8. e4 Qc7 9. Bd3 O-O 10. Qe2 Nbd7 11. O-O Kh8 12. Re1 Ng4 13. h3 Nge5 14. exd5 exd5 15. Bc2 a6 16. b6 Qxb6 17. Nxe5 Nxe5 18. f4 c4+ 19. Kh1 Nd3 20. Bxd3 cxd3 21. Qxd3 Bxf4 22. Qxd5 Bb7 23. Qb3 Qf2 24. Rg1 Be3 25. Nf3 Rxf3 26. Bxe3 0-1

[Event "Slovakian-ch Youth 2022"]
[Site "Lubovna"]
[Date "2022.05.27"]
[Round "8.10"]
[White "Krivosik, Matus"]
[Black "Toth, Marton"]
[Result "1-0"]
[WhiteElo "1224"]
[BlackElo "1849"]
[Annotator "NA RC COMBH"]
[PlyCount "69"]
[EventDate "2022.05.22"]
[EventCountry "SVK"]
[SourceTitle "playchess.com"]
[Source "ChessBase"]
[SourceQuality "1"]

1. e4 c5 2. Nf3 d6 3. d4 cxd4 4. Nxd4 Nf6 5. f3 g6 6. Be3 Bg7 7. Qd2 Nc6 8. Nc3 Nxd4 9. Bxd4 O-O 10. Bc4 e6 11. O-O-O Qc7 12. Bb3 Rd8 13. h4 h5 14. g4 e5 15. Be3 hxg4 16. fxg4 Bxg4 17. Rdf1 Rf8 18. Nb5 Qc6 19. Qxd6 Nxe4 20. Qxc6 bxc6 21. Rfg1 Bh5 22. Nxa7 c5 23. Nb5 Be2 24. Na3 Rfc8 25. Bd5 Ra4 26. Rxg6 Nf6 27. Bb3 Rxa3 28. bxa3 c4 29. Rxg7+ Kxg7 30. Rg1+ Kh7 31. Ba4 Ng4 32. Bd7 Rg8 33. Bf5+ Kh8 34. Bg5 Ne3 35. Bf6+ 1-0

[Event "Slovakian-ch Youth 2022"]
[Site "Lubovna"]
[Date "2022.05.27"]
[Round "8.11"]
[White "Valko, Michal"]
[Black "Kostura, Daniel"]
[Result "1-0"]
[WhiteElo "1906"]
[BlackElo "1510"]
[Annotator "TA"]
[PlyCount "35"]
[EventDate "2022.05.22"]
[EventCountry "SVK"]
[SourceTitle "playchess.com"]
[Source "ChessBase"]
[SourceQuality "1"]

1. g3 Nf6 2. Bg2 d5 3. d3 Bf5 4. Nf3 e6 5. O-O c5 6. Nbd2 Nc6 7. Re1 Bd6 8. h3 h5 9. e4 Bg4 10. hxg4 hxg4 11. Nh2 Rxh2 12. Kxh2 Qc7 13. exd5 O-O-O 14. dxc6 Bxg3+ 15. fxg3 Rh8+ 16. Kg1 Qxg3 17. cxb7+ Kb8 18. Nf1 1-0

[Event "Slovakian-ch Youth 2022"]
[Site "Lubovna"]
[Date "2022.05.27"]
[Round "8.11"]
[White "Cerven, Samuel"]
[Black "Ammer, Erik"]
[Result "1-0"]
[WhiteElo "1353"]
[BlackElo "1320"]
[Annotator "NA RC COMBH"]
[PlyCount "75"]
[EventDate "2022.05.22"]
[EventCountry "SVK"]
[SourceTitle "playchess.com"]
[Source "ChessBase"]
[SourceQuality "1"]

1. e4 e5 2. Nf3 Nc6 3. d4 exd4 4. Bc4 d6 5. Nxd4 Ne5 6. Bb3 Nf6 7. O-O Be7 8. Nc3 O-O 9. Bg5 h6 10. Bh4 Bd7 11. Bg3 c5 12. Nf3 Bg4 13. Bxe5 Bxf3 14. Qxf3 dxe5 15. Rad1 Qc7 16. Bd5 Qb6 17. b3 Qb4 18. a4 Qa5 19. Bxb7 Rab8 20. Bd5 Nxd5 21. exd5 f5 22. d6 Bf6 23. Nd5 Bg5 24. Ne7+ Kh7 25. Nc6 e4 26. Qe2 Qb6 27. Nxb8 Qxb8 28. Qc4 Qb6 29. Rd5 e3 30. fxe3 Bxe3+ 31. Kh1 f4 32. d7 Kh8 33. Rfd1 Rd8 34. Qe4 Qc7 35. Re5 Rg8 36. Re8 Bd4 37. Rxg8+ Kxg8 38. Qe8+ 1-0

[Event "Slovakian-ch Youth 2022"]
[Site "Lubovna"]
[Date "2022.05.27"]
[Round "8.12"]
[White "Bidulsky, Matej"]
[Black "Mederly, Jan"]
[Result "1-0"]
[WhiteElo "1800"]
[BlackElo "1446"]
[Annotator "NA RC COMBH"]
[PlyCount "65"]
[EventDate "2022.05.22"]
[EventCountry "SVK"]
[SourceTitle "playchess.com"]
[Source "ChessBase"]
[SourceQuality "1"]

1. e4 c5 2. Nf3 d6 3. e5 Nc6 4. Bb5 Bd7 5. exd6 e6 6. d4 Nxd4 7. Nxd4 cxd4 8. Bxd7+ Qxd7 9. Qxd4 Qxd6 10. Qa4+ Qd7 11. Qxd7+ Kxd7 12. O-O Nf6 13. Nc3 g6 14. Bf4 Bg7 15. Rad1+ Ke7 16. Bd6+ Ke8 17. Nb5 Nd5 18. Rfe1 a6 19. c4 axb5 20. cxd5 Bxb2 21. dxe6 fxe6 22. Rxe6+ Kf7 23. Re7+ Kf6 24. h4 Rxa2 25. g4 Ra1 26. Rxa1 Bxa1 27. Rxb7 h5 28. g5+ Ke6 29. Bf4 Rf8 30. Rb6+ Kf5 31. Be3 Kg4 32. Rxb5 Kxh4 33. Kg2 1-0

[Event "Slovakian-ch Youth 2022"]
[Site "Lubovna"]
[Date "2022.05.27"]
[Round "8.12"]
[White "Horvath, Simon"]
[Black "Carnecky, Viliam"]
[Result "0-1"]
[WhiteElo "1343"]
[BlackElo "1380"]
[Annotator "NA RC COMBH"]
[PlyCount "94"]
[EventDate "2022.05.22"]
[EventCountry "SVK"]
[SourceTitle "playchess.com"]
[Source "ChessBase"]
[SourceQuality "1"]

1. e4 c6 2. d4 d5 3. Nc3 dxe4 4. Nxe4 Nd7 5. Nf3 Ngf6 6. Nxf6+ Nxf6 7. Be2 Bf5 8. O-O e6 9. Bg5 Be7 10. Bd3 Bg4 11. c3 O-O 12. h3 Bh5 13. Be2 Qb6 14. Ne5 Bxe2 15. Qxe2 Qc7 16. Bxf6 Bxf6 17. Ng4 Be7 18. Rae1 Rad8 19. Qd3 c5 20. Re2 cxd4 21. cxd4 Qb6 22. Rd1 Rd6 23. Ne5 Rfd8 24. Nf3 Bf6 25. Red2 Rd5 26. b3 e5 27. dxe5 Rxd3 28. Rxd3 Rxd3 29. Rxd3 Be7 30. g3 Qa6 31. Rd2 h6 32. Nd4 Bb4 33. Rc2 Qd3 34. Rc8+ Kh7 35. e6 Qxd4 36. exf7 Qf6 37. Rc7 Be1 38. Rc2 Qxf7 39. Re2 Ba5 40. Kg2 Qd5+ 41. f3 Qd1 42. Re5 Bb6 43. h4 Qg1+ 44. Kh3 Bc7 45. f4 Bxe5 46. fxe5 h5 47. g4 hxg4# 0-1

[Event "Slovakian-ch Youth 2022"]
[Site "Lubovna"]
[Date "2022.05.27"]
[Round "8.13"]
[White "Rybovic, Alex"]
[Black "Kudela, Oliver"]
[Result "0-1"]
[WhiteElo "1000"]
[BlackElo "1344"]
[Annotator "NA RC COMBH"]
[PlyCount "86"]
[EventDate "2022.05.22"]
[EventCountry "SVK"]
[SourceTitle "playchess.com"]
[Source "ChessBase"]
[SourceQuality "1"]

1. e4 c5 2. Bc4 d6 3. Nf3 Nc6 4. O-O e6 5. Qe1 Nf6 6. d3 Be7 7. e5 dxe5 8. Nxe5 Nxe5 9. Qxe5 Bd6 10. Qe2 Qc7 11. g3 b6 12. Bb5+ Nd7 13. Bxd7+ Qxd7 14. b3 O-O 15. Bb2 Bb7 16. Qg4 f6 17. Nd2 Qc8 18. Ne4 Bxe4 19. dxe4 e5 20. Qxc8 Raxc8 21. Rad1 Rfd8 22. a3 Kf7 23. c3 c4 24. b4 b5 25. h4 h5 26. Rd2 Ke7 27. f4 Bc5+ 28. bxc5 Rxd2 29. Bc1 Rd3 30. Bb2 Rxg3+ 31. Kh2 Rd3 32. fxe5 Rxc5 33. exf6+ gxf6 34. Rg1 Rd2+ 35. Rg2 Rxg2+ 36. Kxg2 Ke6 37. Kf3 Ke5 38. Bc1 f5 39. Bf4+ Ke6 40. e5 Rd5 41. Ke3 Rd3+ 42. Ke2 Rxc3 43. Bc1 Rxc1 0-1

[Event "Slovakian-ch Youth 2022"]
[Site "Lubovna"]
[Date "2022.05.27"]
[Round "8.14"]
[White "Vida, Gergo"]
[Black "Otahal, Kristian"]
[Result "1-0"]
[WhiteElo "1821"]
[BlackElo "1000"]
[Annotator "NA RC COMBH"]
[PlyCount "63"]
[EventDate "2022.05.22"]
[EventCountry "SVK"]
[SourceTitle "playchess.com"]
[Source "ChessBase"]
[SourceQuality "1"]

1. e4 e5 2. Nf3 Nc6 3. Bb5 a6 4. Ba4 b5 5. Bb3 Nf6 6. O-O Bc5 7. h3 O-O 8. Re1 d6 9. c3 Re8 10. d4 exd4 11. cxd4 Bb6 12. Bc2 Bb7 13. a3 d5 14. e5 Ne4 15. Qd3 f5 16. Nbd2 Ne7 17. Bb3 Ba5 18. Re2 Rc8 19. Nxe4 fxe4 20. Qxe4 Kh8 21. Qh4 Ng6 22. Qh5 Re6 23. Ng5 Qg8 24. Nxe6 Qxe6 25. Bc2 Kg8 26. Bf5 Qb6 27. Bxc8 Bxc8 28. Be3 b4 29. Qf3 bxa3 30. Qxd5+ Be6 31. Qd8+ Nf8 32. d5 1-0

[Event "Slovakian-ch Youth 2022"]
[Site "Lubovna"]
[Date "2022.05.27"]
[Round "8.14"]
[White "Svorad Tomas"]
[Black "Chovanec, Adrian"]
[Result "1-0"]
[WhiteElo "1405"]
[BlackElo "1498"]
[Annotator "NA RC COMBH"]
[PlyCount "89"]
[EventDate "2022.05.22"]
[EventCountry "SVK"]
[SourceTitle "playchess.com"]
[Source "ChessBase"]
[SourceQuality "1"]

1. e4 e5 2. Nc3 Nc6 3. f4 exf4 4. Qf3 Qh4+ 5. g3 fxg3 6. hxg3 Qf6 7. Bc4 Bc5 8. Nd5 Qxf3 9. Nxf3 Bb6 10. d4 Nge7 11. Nxb6 axb6 12. c3 O-O 13. d5 Nd8 14. d6 cxd6 15. Bg5 Ng6 16. Bxd8 Rxd8 17. Ng5 Ne5 18. Bd5 h6 19. Nxf7 Nxf7 20. Rf1 Rf8 21. O-O-O g5 22. Rxf7 Rxf7 23. Rf1 Ra5 24. Bxf7+ Kg7 25. b4 Re5 26. Bd5 Re7 27. a4 Re8 28. a5 bxa5 29. bxa5 Rf8 30. Rg1 Rf2 31. Kb1 g4 32. Ka1 Kg6 33. Bb3 h5 34. Kb1 Kg5 35. Bd1 h4 36. gxh4+ Kxh4 37. Rxg4+ Kh3 38. Rg8 Rf1 39. Kc1 b6 40. Rxc8 bxa5 41. Ra8 Re1 42. Rxa5 Rxe4 43. Rd5 Re6 44. Rd4 Kg3 45. Bg4 1-0

[Event "Slovakian-ch Youth 2022"]
[Site "Lubovna"]
[Date "2022.05.27"]
[Round "8.15"]
[White "Rakovsky, Jakub"]
[Black "Skreko, Igor"]
[Result "1/2-1/2"]
[WhiteElo "1888"]
[BlackElo "2065"]
[Annotator "TA"]
[PlyCount "85"]
[EventDate "2022.05.22"]
[EventCountry "SVK"]
[SourceTitle "playchess.com"]
[Source "ChessBase"]
[SourceQuality "1"]

1. d4 Nf6 2. c4 g6 3. Nc3 Bg7 4. e4 d6 5. h3 O-O 6. Be3 c6 7. g4 Qa5 8. Qd2 e5 9. d5 cxd5 10. cxd5 Bd7 11. f3 Na6 12. Rc1 Rfc8 13. Nge2 b5 14. a3 b4 15. Na2 Qa4 16. Nxb4 Nxb4 17. Qxb4 Qxb4+ 18. axb4 Rab8 19. Bd2 Ne8 20. Rxc8 Bxc8 21. Nc1 Nc7 22. Nb3 Bf6 23. Na5 Bh4+ 24. Kd1 Bd7 25. Bd3 Bf2 26. Ke2 Bb6 27. Rc1 Nb5 28. Bxb5 Bxb5+ 29. Ke1 f5 30. gxf5 gxf5 31. Nc6 Rb7 32. Bg5 fxe4 33. fxe4 Kf8 34. Bd8 Bd3 35. Bxb6 axb6 36. Nd8 Ra7 37. Rc8 Ra1+ 38. Kd2 Bxe4 39. Nb7+ Kg7 40. Rc7+ Kg8 41. Rc8+ Kg7 42. Rc7+ Kg8 43. Rc8+ 1/2-1/2

[Event "Slovakian-ch Youth 2022"]
[Site "Lubovna"]
[Date "2022.05.27"]
[Round "8.15"]
[White "Kurimsky, Kristian"]
[Black "Valchev, Martin V"]
[Result "1-0"]
[WhiteElo "1006"]
[BlackElo "1193"]
[Annotator "NA RC COMBH"]
[PlyCount "33"]
[EventDate "2022.05.22"]
[EventCountry "SVK"]
[SourceTitle "playchess.com"]
[Source "ChessBase"]
[SourceQuality "1"]

1. d4 e6 2. Bf4 Nc6 3. Nf3 Nf6 4. e3 d5 5. Bd3 Bd6 6. Nbd2 O-O 7. h4 Bxf4 8. exf4 Qd6 9. g3 Qb4 10. b3 Nxd4 11. Ng5 h6 12. Qc1 Nxc2+ 13. Qxc2 hxg5 14. hxg5 Qd4 15. Ke2 g6 16. Nf3 Qb4 17. gxf6 1-0

[Event "Slovakian-ch Youth 2022"]
[Site "Lubovna"]
[Date "2022.05.27"]
[Round "8.16"]
[White "Compel, Daniel"]
[Black "Paluska, Karol"]
[Result "1/2-1/2"]
[WhiteElo "2106"]
[BlackElo "2006"]
[Annotator "TA"]
[PlyCount "44"]
[EventDate "2022.05.22"]
[EventCountry "SVK"]
[SourceTitle "playchess.com"]
[Source "ChessBase"]
[SourceQuality "1"]

1. e4 c6 2. d4 d5 3. exd5 cxd5 4. c4 Nf6 5. Nc3 e6 6. Nf3 Bb4 7. Bd3 dxc4 8. Bxc4 O-O 9. O-O b6 10. Bg5 Bb7 11. Ne5 Bxc3 12. bxc3 Nbd7 13. Nxd7 Qxd7 14. Bxf6 gxf6 15. d5 Bxd5 16. Qg4+ Kh8 17. Qh4 Bxc4 18. Qxf6+ Kg8 19. Qg5+ Kh8 20. Qf6+ Kg8 21. Qg5+ Kh8 22. Qf6+ Kg8 1/2-1/2

[Event "Slovakian-ch Youth 2022"]
[Site "Lubovna"]
[Date "2022.05.27"]
[Round "8.16"]
[White "Kluska, Lukas"]
[Black "Kakus, Oliver"]
[Result "1-0"]
[WhiteElo "1215"]
[BlackElo "1000"]
[Annotator "NA RC COMBH"]
[PlyCount "75"]
[EventDate "2022.05.22"]
[EventCountry "SVK"]
[SourceTitle "playchess.com"]
[Source "ChessBase"]
[SourceQuality "1"]

1. d4 c6 2. Nf3 Na6 3. Bf4 d6 4. Nc3 c5 5. e3 Nf6 6. Be2 b6 7. Bb5+ Bd7 8. Bxa6 Bg4 9. h3 Bh5 10. Bb5+ Nd7 11. O-O e6 12. Ne4 Be7 13. Nxd6+ Kf8 14. Be2 Qc7 15. Nb5 Qb7 16. Ne5 Bxe2 17. Nxd7+ Qxd7 18. Qxe2 a6 19. Nc3 g6 20. Rad1 Qc6 21. Qd3 Rd8 22. Qe4 Qxe4 23. Nxe4 Kg7 24. dxc5 f6 25. cxb6 e5 26. Bg3 Rb8 27. Rd7 Kf7 28. b7 Rhd8 29. Rfd1 Ke8 30. Rxd8+ Bxd8 31. Nc5 Be7 32. Rd5 Bxc5 33. Rxc5 Ke7 34. Rc7+ Kd8 35. Rxh7 g5 36. h4 g4 37. h5 e4 38. h6 1-0

[Event "Slovakian-ch Youth 2022"]
[Site "Lubovna"]
[Date "2022.05.27"]
[Round "8.17"]
[White "Lovcican, Tomas"]
[Black "Sandor, Samuel"]
[Result "1-0"]
[WhiteElo "2024"]
[BlackElo "2054"]
[Annotator "TA"]
[PlyCount "141"]
[EventDate "2022.05.22"]
[EventCountry "SVK"]
[SourceTitle "playchess.com"]
[Source "ChessBase"]
[SourceQuality "1"]

1. e4 e5 2. Nf3 Nc6 3. Bb5 a6 4. Ba4 Nf6 5. O-O Be7 6. Re1 b5 7. Bb3 d6 8. h3 Na5 9. c3 Nxb3 10. Qxb3 O-O 11. d4 Bb7 12. Nbd2 exd4 13. cxd4 Qd7 14. d5 c6 15. dxc6 Qxc6 16. Nd4 Qc5 17. Nf5 Rfe8 18. Qg3 g6 19. Nb3 Qe5 20. Qxe5 dxe5 21. Nxe7+ Rxe7 22. Bg5 Kg7 23. f4 Rc7 24. fxe5 Nxe4 25. Bf4 g5 26. Be3 Rac8 27. Nd4 Kg6 28. Rac1 Bd5 29. a3 h5 30. Rxc7 Rxc7 31. Rc1 Rxc1+ 32. Bxc1 Nc5 33. Bd2 h4 34. Kh2 Kh5 35. Nf5 Nd3 36. Bc3 Be4 37. e6 Kg6 38. Ng7 fxe6 39. Nxe6 Bd5 40. g3 Bb7 41. Nc7 Kf7 42. gxh4 gxh4 43. b4 Ke7 44. a4 bxa4 45. b5 axb5 46. Nxb5 Bc8 47. Nd4 Kd6 48. Nf3 Kd5 49. Nxh4 Kc4 50. Ba1 Kb3 51. Bf6 a3 52. Nf3 Nb4 53. Nd4+ Kc4 54. Ne2 Nd5 55. Ba1 Kd3 56. Nd4 Ba6 57. h4 Nc3 58. Nc6 Kd2 59. h5 Bb7 60. h6 Bxc6 61. h7 Nb1 62. h8=Q Be4 63. Qd4+ Bd3 64. Kg2 Ke2 65. Qe5+ Kd1 66. Kf2 Kd2 67. Qe3+ Kc2 68. Ke1 Bc4 69. Qe4+ Bd3 70. Qa4+ Kc1 71. Qd1# 1-0

[Event "Slovakian-ch Youth 2022"]
[Site "Lubovna"]
[Date "2022.05.27"]
[Round "8.18"]
[White "Rak, Martin"]
[Black "Orgon, Patrik"]
[Result "1/2-1/2"]
[WhiteElo "1849"]
[BlackElo "1721"]
[Annotator "NA RC COMBH"]
[PlyCount "68"]
[EventDate "2022.05.22"]
[EventCountry "SVK"]
[SourceTitle "playchess.com"]
[Source "ChessBase"]
[SourceQuality "1"]

1. e4 c6 2. d4 d5 3. Nc3 dxe4 4. Nxe4 Nf6 5. Nxf6+ exf6 6. c3 Bd6 7. Bd3 O-O 8. Qc2 Re8+ 9. Ne2 h5 10. Be3 Nd7 11. O-O-O Nf8 12. Kb1 Be6 13. Nf4 Bxf4 14. Bxf4 Qa5 15. b3 b5 16. Be4 Qb6 17. Be3 Qc7 18. Bf3 g6 19. Ka1 a5 20. Rc1 a4 21. b4 a3 22. h4 f5 23. Rhg1 Nd7 24. Bg5 f6 25. Bd2 Kg7 26. Rce1 Nb6 27. g3 Nc4 28. Bd1 Qf7 29. f3 Nb2 30. Qb1 Nxd1 31. Rxd1 Bd7 32. Qd3 Be6 33. Qc2 Bd7 34. Qd3 Be6 1/2-1/2

[Event "Slovakian-ch Youth 2022"]
[Site "Lubovna"]
[Date "2022.05.27"]
[Round "8.19"]
[White "Baron, Patrik"]
[Black "Salgovic, Simon"]
[Result "1-0"]
[WhiteElo "1740"]
[BlackElo "2091"]
[Annotator "TA"]
[PlyCount "81"]
[EventDate "2022.05.22"]
[EventCountry "SVK"]
[SourceTitle "playchess.com"]
[Source "ChessBase"]
[SourceQuality "1"]

1. e4 d5 2. exd5 Qxd5 3. Nc3 Qa5 4. d4 Nf6 5. Nf3 Bg4 6. h3 Bxf3 7. Qxf3 c6 8. Bd2 Nbd7 9. Bc4 e6 10. Nd5 Qd8 11. Nxf6+ gxf6 12. O-O-O Qc7 13. Rhe1 O-O-O 14. Bd3 Bd6 15. Qh5 Nb6 16. Qa5 Kb8 17. g3 Be7 18. Bf4 Bd6 19. Bxd6 Rxd6 20. Be4 f5 21. Bf3 Rhd8 22. c3 f6 23. b3 Qg7 24. h4 Nd5 25. Bxd5 cxd5 26. Qb5 Rc8 27. c4 dxc4 28. bxc4 Qh6+ 29. Kc2 Rdc6 30. c5 e5 31. Kd3 f4 32. Rb1 Qg7 33. gxf4 exd4 34. Re8 Rxe8 35. Qxc6 Rc8 36. Qd6+ Ka8 37. Rb4 Qg6+ 38. Kd2 Re8 39. c6 b6 40. c7 Qe4 41. Qd8+ 1-0

[Event "Slovakian-ch Youth 2022"]
[Site "Lubovna"]
[Date "2022.05.27"]
[Round "8.20"]
[White "Koska, Jiri"]
[Black "Janik, Marek Tobias"]
[Result "0-1"]
[WhiteElo "1759"]
[BlackElo "1840"]
[Annotator "NA RC COMBH"]
[PlyCount "34"]
[EventDate "2022.05.22"]
[EventCountry "SVK"]
[SourceTitle "playchess.com"]
[Source "ChessBase"]
[SourceQuality "1"]

1. d4 d5 2. Nf3 Nf6 3. g3 e6 4. Bg2 c5 5. O-O Nc6 6. c4 cxd4 7. Nxd4 Bc5 8. Nxc6 bxc6 9. Qc2 Bb6 10. Rd1 O-O 11. b3 Ng4 12. e3 Qf6 13. Bb2 Qh6 14. Bd4 Qxh2+ 15. Kf1 e5 16. Bxb6 axb6 17. cxd5 Ba6+ 0-1

[Event "Slovakian-ch Youth 2022"]
[Site "Lubovna"]
[Date "2022.05.27"]
[Round "8.21"]
[White "Papp, Gabor"]
[Black "Sevcik, Matej"]
[Result "0-1"]
[WhiteElo "2564"]
[BlackElo "1820"]
[Annotator "TA"]
[PlyCount "78"]
[EventDate "2022.05.22"]
[EventCountry "SVK"]
[SourceTitle "playchess.com"]
[Source "ChessBase"]
[SourceQuality "1"]

1. d4 d5 2. c4 c6 3. Nf3 Nf6 4. Nc3 e6 5. Bg5 dxc4 6. a4 Bb4 7. Qc2 Qa5 8. Bxf6 gxf6 9. Nd2 b5 10. Ra2 Qb6 11. g3 Bb7 12. Bg2 Nd7 13. O-O Be7 14. e3 a6 15. b3 cxb3 16. Qxb3 O-O 17. Rc1 Rfc8 18. Rac2 Rab8 19. Nf3 b4 20. Nd1 c5 21. Nb2 Be4 22. Re2 Qb7 23. Ne1 cxd4 24. Rxc8+ Rxc8 25. exd4 Bxg2 26. Nxg2 Rc1+ 27. Re1 Qc6 28. Qe3 Rxe1+ 29. Nxe1 Nb6 30. Qb3 a5 31. Nbd3 Qxa4 32. Qb2 Qc6 33. Nc2 Nd5 34. Ne3 Nxe3 35. fxe3 a4 36. Kf2 b3 37. Nc1 Qc4 38. Ke1 Bb4+ 39. Kf2 Qc3 0-1